UM Logo

Uncovering The Covered: Factors Affecting Public Service of Brgy. Officials in Brgy. Tres De Mayo, Digos City (Record no. 6340)

MARC details
000 -LEADER
fixed length control field 00516nam a22001337a 4500
008 - FIXED-LENGTH DATA ELEMENTS--GENERAL INFORMATION
fixed length control field 170307b xxu||||| |||| 00| 0 eng d
082 ## - DEWEY DECIMAL CLASSIFICATION NUMBER
Edition number 2016
Classification number UT 0670
Item number B22
100 ## - MAIN ENTRY--PERSONAL NAME
9 (RLIN) 19021
Personal name Bandahala, Abdullah A.
245 ## - TITLE STATEMENT
Title Uncovering The Covered: Factors Affecting Public Service of Brgy. Officials in Brgy. Tres De Mayo, Digos City
Statement of responsibility, etc. Abdullah Bandahala.
300 ## - PHYSICAL DESCRIPTION
Extent 51 pages;
Other physical details 29 cm.
650 #0 - SUBJECT ADDED ENTRY--TOPICAL TERM
9 (RLIN) 19024
Topical term or geographic name as entry element Liberal Arts
Form subdivision Political Science
General subdivision Undergraduate Thesis.
700 ## - ADDED ENTRY--PERSONAL NAME
9 (RLIN) 19026
Personal name Bandahala, Abdullah A.
942 ## - ADDED ENTRY ELEMENTS (KOHA)
Source of classification or shelving scheme Dewey Decimal Classification
Koha item type Undergraduate Thesis
Holdings
Withdrawn status Lost status Source of classification or shelving scheme Damaged status Not for loan Home library Current library Date acquired Total Checkouts Full call number Barcode Date last seen Price effective from Koha item type
    Dewey Decimal Classification     UM Digos College - LIC UM Digos College - LIC 11/07/2016   UT 0670 B22 2015 UT0670 03/07/2017 03/07/2017 Undergraduate Thesis